| 000 | 00604nam a2200169 a 4500 | ||
|---|---|---|---|
| 008 | 130927s1996 ||||||||||||||||| || u | ||
| 020 | _a0412609401 | ||
| 050 | _aRT 41 FRA | ||
| 100 | _aFraser, Mary | ||
| 245 | 1 | 0 |
_aConceptual nursing in practice: a research-based approach. (2nd ed.) _cby Mary Fraser |
| 250 | _a2nd ed. | ||
| 260 |
_aLondon: _c1996 |
||
| 300 | _ax, 295p. | ||
| 650 | _aNURSING | ||
| 650 | _aNURSING THEORY | ||
| 995 |
_aMEDICAL LIBRARY OPEN ACCESS _e902341 _FCBU-SCHOOL OF MEDICINE LIBRARY (Ndola) _jRT 41 FRA _M1 _UAVAILABLE _WNov 6, 2013 _y902341 _ZMedical Library Open Access Collection |
||
| 999 |
_c31137 _d31137 |
||